Basic reading skills handbook
Wedi'i Gadw mewn:
| Prif Awdur: | |
|---|---|
| Fformat: | Llyfr |
| Iaith: | Undetermined |
| Cyhoeddwyd: |
New York
Longman
2006
|
| Pynciau: | |
| Tagiau: |
Ychwanegu Tag
Dim Tagiau, Byddwch y cyntaf i dagio'r cofnod hwn!
|
| Thư viện lưu trữ: | Trung tâm Học liệu Trường Đại học Cần Thơ |
|---|
| LEADER | 00590nam a2200205Ia 4500 | ||
|---|---|---|---|
| 001 | CTU_117539 | ||
| 008 | 210402s9999 xx 000 0 und d | ||
| 020 | |c 40.77 | ||
| 082 | |a 428.4 | ||
| 082 | |b W647 | ||
| 100 | |a Wiener, Harvey S. | ||
| 245 | 0 | |a Basic reading skills handbook | |
| 245 | 0 | |c Harvey S. Wiener, Charles Bazerman | |
| 260 | |a New York | ||
| 260 | |b Longman | ||
| 260 | |c 2006 | ||
| 650 | |a Reading (higher education),Vocabulary | ||
| 650 | |x Handbooks, manuals, etc,Handbooks, manuals, etc | ||
| 904 | |i Minh | ||
| 980 | |a Trung tâm Học liệu Trường Đại học Cần Thơ | ||